A carregar...
Veera Patni
| Autor principal: | |
|---|---|
| Formato: | Printed Book |
| Idioma: | Malayalam |
| Publicado em: |
1967
|
| LEADER | 00366nam a2200121Ia 4500 | ||
|---|---|---|---|
| 008 | 111205s9999 xx 000 0 mal d | ||
| 100 | |a Krishnan. M. K. | ||
| 245 | |a Veera Patni |c Krishnan. M. K. | ||
| 260 | |c 1967 | ||
| 300 | |a 40 | ||
| 942 | |c BK | ||
| 999 | |c 225152 |d 225152 | ||
| 952 | |0 0 |1 0 |2 ddc |4 1 |7 0 |9 248548 |a MAL |b MAL |c ST1 |d 1985-03-28 |g 1.00 |l 0 |p MAL11360 |r 2011-12-05 |v 1.00 |w 2011-12-05 |y BK | ||